=LDR 00000nam 2200000 4500 =001 INLIS000000000026462 =005 20130612124913 =008 ***********************************Ind** =035 ##$$0010-061300000026462 =041 ##$$a Ind =082 ##$$a 028.5 =090 ##$$a 028.5, Rob b =100 ##$$a Robson, Pam =245 ##$$a Listrik, Pam Robson =250 ##$$a Bengkel kreativitas =260 ##$$a 1995 $b Jakarta =300 ##$$a 32 hlm, ilus, 30 cm =650 ##$$a Listrik =850 ##$$a NBPNMAT